000 00687nam a2200217Ia 4500
003 OSt
005 20250127095751.0
008 210210b1990 xxu||||| |||| 00| 0 eng d
040 _cAL
041 _aKannada
082 _aK894.3 YANT
100 _aYANDAMURI VIRENDRANATH.
_d ಯಂಡಮೂರಿ ವೀರೇಂದ್ರನಾಥ್
_9195530
245 _aThriller.
_b ಥ್ರಿಲ್ಲರ್.
260 _aHubballi
_bSahitya Prakashana
_c1990
300 _aviii,218
650 _aSarita Jnanananda
_9195531
690 _aKannada Fiction
_9195532
700 _aSarita Jnanananda.
_dಸರಿತಾ ಜ್ಞಾನಾನಂದ.Tr
_9195533
906 _a044039
942 _2ddc
_cBK
999 _c93622
_d93622